| 000 | 00356nam a22001337a 4500 | ||
|---|---|---|---|
| 020 | _a969-35-1224-3 | ||
| 040 | _cNUST | ||
| 082 | _a891.4397,REH | ||
| 245 |
_aParvaz / پرواز (Urdu) / _cShafiq ur Rahman |
||
| 260 |
_aLahore _bSang-e-Meel Pub _c2013 |
||
| 300 | _a176P .; | ||
| 650 |
_2Urdu Literature _xSatire _9110457 |
||
| 942 |
_2ddc _cBK _k891.4397,REH |
||
| 999 |
_c593786 _d593786 |
||